| 000 | 00759nam a2200229 u 4500 | ||
|---|---|---|---|
| 005 | 20240228064303.0 | ||
| 008 | 170830s2008 r 000 0 eng d | ||
| 020 | _a9789685389648 | ||
| 035 | _aUPN01000220049 | ||
| 049 | _aI | ||
| 050 | 4 |
_aPA4167 _bL3.4 |
|
| 100 | 1 |
_aLandmann, Bimba _941680 |
|
| 245 | 1 | 3 |
_aEl increíble viaje de Ulises / _cBimba Landmann ; tr. Caterina Camastra. |
| 260 |
_aMéxico : _bEl Naranjo, _c2008. |
||
| 300 |
_a[57] h. : _bil. col. |
||
| 534 |
_pTítulo original: _tL'incredibile viaggio di Ulisse |
||
| 650 | 4 |
_aODISEO (MITOLOGIA GRIEGA) - _vLITERATURA JUVENIL _96752 |
|
| 650 | 4 |
_aMITOLOGIA GRIEGA - _vLITERATURA INFANTIL _924054 |
|
| 650 | 4 |
_aLibros y lectura para niños _92290 |
|
| 905 | _aInfantil | ||
| 999 |
_c192148 _d192148 |
||